[Event "New York Marshall Winter IM"]
[Site "New York"]
[Date "2023.02.26"]
[Round "8"]
[White "Almeida Saenz, Alfonso"]
[Black "Hardaway, Brewington"]
[Result "1/2-1/2"]
[WhiteElo "2254"]
[BlackElo "2370"]
[PlyCount "116"]
[EventDate "2023.02.22"]
[EventType "tourn"]
[EventRounds "9"]
[EventCountry "USA"]
[EventCategory "1"]
[SourceTitle "CBM 212 Extra"]
[Source "ChessBase"]
[SourceDate "2023.03.31"]
[SourceVersion "1"]
[SourceVersionDate "2023.03.31"]
[SourceQuality "1"]

1. d4 d5 2. c4 e6 3. Nc3 Nf6 4. Bg5 Be7 5. e3 c6 6. Qc2 Nbd7 7. Nf3 h6 8. Bh4 0-0 9. h3 dxc4 10. Bxc4 b5 11. Be2 Bb7 12. 0-0 Rc8 13. Rfd1 b4 14. Na4 g5 15. Bg3 c5 16. dxc5 Qa5 17. Nd4 Nxc5 18. Nxc5 Rxc5 19. Qb1 Qb6 20. Bf3 Rd8 21. Nb3 Rcc8 22. Rxd8+ Rxd8 23. Nd4 Bxf3 24. gxf3 Nh5 25. Bh2 Qc5 26. Qc1 Rc8 27. Nb3 Qc6 28. Qxc6 Rxc6 29. Nd4 Ra6 30. Be5 f6 31. Bh2 e5 32. Nf5 Bf8 33. Kf1 Kf7 34. Ke2 b3 35. a3 Rc6 36. Rd1 Ke6 37. e4 Rc2+ 38. Rd2 Bxa3 39. Rxc2 bxc2 40. Kd2 Bxb2 41. Kxc2 Ba3 42. Nxh6 Bc5 43. Bg3 Ng7 44. h4 gxh4 45. Bxh4 Nh5 46. Kb3 Nf4 47. Kc4 Bb6 48. Ng4 f5 49. exf5+ Kxf5 50. Bg3 Ng6 51. Ne3+ Ke6 52. Nd5 Bd8 53. f4 exf4 54. Nxf4+ Nxf4 55. Bxf4 Kf5 56. Be3 Ke4 57. Bxa7 Bh4 58. Kc3 Bxf2 1/2-1/2

[Event "Hollywood Classic 3rd"]
[Site "Los Angeles"]
[Date "2022.08.05"]
[Round "5"]
[White "Almeida Saenz, Alfonso"]
[Black "Stopa, Jacek"]
[Result "1/2-1/2"]
[WhiteElo "2242"]
[BlackElo "2399"]
[PlyCount "64"]
[EventDate "2022.08.03"]
[EventType "swiss"]
[EventRounds "9"]
[EventCountry "USA"]
[SourceTitle "CBM 209 Extra"]
[Source "ChessBase"]
[SourceDate "2022.09.30"]
[SourceVersion "1"]
[SourceVersionDate "2022.09.30"]
[SourceQuality "1"]

1. d4 e6 2. Nf3 f5 3. c4 Nf6 4. Nc3 Bb4 5. Qb3 a5 6. Bg5 0-0 7. e3 b6 8. Be2 Qe8 9. Bf4 d6 10. 0-0 Bxc3 11. Qxc3 Ne4 12. Qc2 Bb7 13. Nd2 e5 14. Bg3 Nxg3 15. hxg3 exd4 16. Bf3 Bxf3 17. Nxf3 dxe3 18. Rae1 Qe4 19. Qc3 exf2+ 20. Rxf2 Qg4 21. Re7 Na6 22. Nd4 Qg5 23. Rfe2 Nc5 24. Rxc7 Ne4 25. Qe3 Qxe3+ 26. Rxe3 Rac8 27. Rxc8 Rxc8 28. b3 g6 29. g4 Rf8 30. gxf5 gxf5 31. Nxf5 Rxf5 32. g4 Rf8 1/2-1/2

[Event "Charlotte CCCSA Spring IM-B"]
[Site "Charlotte"]
[Date "2022.03.19"]
[Round "7"]
[White "Almeida Saenz, Alfonso"]
[Black "Plotkin, Mark"]
[Result "1-0"]
[WhiteElo "2259"]
[BlackElo "2400"]
[PlyCount "84"]
[EventDate "2022.03.16"]
[EventType "tourn"]
[EventRounds "9"]
[EventCountry "USA"]
[SourceTitle "CBM 207 Extra"]
[Source "ChessBase"]
[SourceDate "2022.05.31"]
[SourceVersion "1"]
[SourceVersionDate "2022.05.31"]
[SourceQuality "1"]

1. d4 Nf6 2. Bg5 e6 3. e4 c5 4. d5 h6 5. Bxf6 Qxf6 6. Nc3 a6 7. a4 d6 8. Nf3 g5 9. h4 g4 10. Nd2 e5 11. Nc4 Qd8 12. g3 Rg8 13. a5 Nd7 14. Be2 h5 15. Qd3 Rb8 16. Rf1 Rg6 17. 0-0-0 b5 18. axb6 Nxb6 19. f4 Nxc4 20. Qxc4 Bg7 21. Qa4+ Bd7 22. Qxa6 exf4 23. gxf4 Qxh4 24. Bb5 Qd8 25. Bxd7+ Qxd7 26. Rh1 Bh6 27. Ne2 Qe7 28. Qa4+ Kf8 29. Rxh5 Qf6 30. b3 Bxf4+ 31. Nxf4 Qxf4+ 32. Kb1 g3 33. Rf5 Qg4 34. Rg1 Rd8 35. Qa7 Rg7 36. Qc7 Qh4 37. Rxg3 Qh1+ 38. Kb2 Ra8 39. Qxd6+ Kg8 40. Rxg7+ Kxg7 41. Qf6+ Kh7 42. Qxf7+ Kh6 1-0

[Event "Charlotte CCCSA Summer IM-D"]
[Site "Charlotte"]
[Date "2021.07.31"]
[Round "7"]
[White "Paciorkowski, Lev"]
[Black "Almeida Saenz, Alfonso"]
[Result "1-0"]
[WhiteElo "2262"]
[BlackElo "2292"]
[PlyCount "155"]
[EventDate "2021.07.28"]
[EventType "tourn"]
[EventRounds "9"]
[EventCountry "USA"]
[SourceTitle "CBM 203 Extra"]
[Source "ChessBase"]
[SourceDate "2021.09.30"]
[SourceVersion "1"]
[SourceVersionDate "2021.09.30"]
[SourceQuality "1"]

1. e4 c5 2. Nf3 Nc6 3. Bb5 Na5 4. 0-0 a6 5. Be2 d6 6. d4 cxd4 7. Nxd4 Nf6 8. Nc3 e5 9. Nf3 h6 10. Re1 Be6 11. Bf1 Rc8 12. Nd5 Bxd5 13. exd5 Qc7 14. b3 b5 15. Bd2 Rb8 16. Nd4 Nb7 17. Nc6 Ra8 18. Bc3 Be7 19. a4 bxa4 20. Rxa4 0-0 21. Rxa6 Rxa6 22. Bxa6 Ra8 23. Bxb7 Qxb7 24. Bb2 Bf8 25. c4 Nd7 26. Qc2 Nb8 27. Nxb8 Rxb8 28. Re3 Qa7 29. Bc3 Be7 30. Re1 Bd8 31. h3 Bb6 32. Ra1 Qc7 33. Qe4 Bc5 34. Rb1 Qa7 35. Qc2 Bd4 36. Bxd4 Qxd4 37. Rd1 Qc5 38. Rd3 Ra8 39. Rf3 g6 40. Qe4 h5 41. Qh4 Rf8 42. Qf6 Qb4 43. Kh2 Qc5 44. g4 hxg4 45. hxg4 Qd4 46. Rh3 Qf4+ 47. Qxf4 exf4 48. Rc3 Kg7 49. g5 f6 50. Kh3 fxg5 51. Kg4 Kf6 52. b4 Rh8 53. Rc1 Rh4+ 54. Kf3 Rh3+ 55. Ke4 Rb3 56. b5 Rb2 57. f3 Rb3 58. Ra1 Re3+ 59. Kd4 Rxf3 60. Rb1 Re3 61. b6 Re8 62. b7 Rb8 63. Ke4 Ke7 64. Rh1 Re8 65. Rh7+ Kf6+ 66. Kf3 Re3+ 67. Kf2 Rb3 68. c5 g4 69. cxd6 g3+ 70. Ke2 f3+ 71. Kd2 Rb5 72. d7 Rxd5+ 73. Kc3 g2 74. b8Q g1Q 75. Qf4+ Ke6 76. Qe4+ Kf6 77. Qxf3+ Ke6 78. Qxd5+ 1-0

[Event "Charlotte CCCSA Summer IM-D"]
[Site "Charlotte"]
[Date "2021.07.29"]
[Round "2"]
[White "Zapata, Alonso"]
[Black "Almeida Saenz, Alfonso"]
[Result "1/2-1/2"]
[WhiteElo "2422"]
[BlackElo "2292"]
[PlyCount "188"]
[EventDate "2021.07.28"]
[EventType "tourn"]
[EventRounds "9"]
[EventCountry "USA"]
[SourceTitle "CBM 203 Extra"]
[Source "ChessBase"]
[SourceDate "2021.09.30"]
[SourceVersion "1"]
[SourceVersionDate "2021.09.30"]
[SourceQuality "1"]

1. e4 c5 2. Nf3 Nc6 3. d4 cxd4 4. Nxd4 Nf6 5. Nc3 d6 6. Bc4 Qb6 7. Nb3 e6 8. 0-0 a6 9. a4 Bd7 10. a5 Qc7 11. Be3 Ne5 12. Be2 Nc4 13. Bxc4 Qxc4 14. f3 Be7 15. Rf2 0-0 16. Rd2 Qc8 17. Bf4 Ne8 18. Na4 Bxa4 19. Rxa4 h6 20. c3 e5 21. Be3 f5 22. exf5 Rxf5 23. Nc1 Rf7 24. Qb3 Nf6 25. Nd3 Bf8 26. Nb4 Qf5 27. Nd5 Re8 28. Rb4 Nxd5 29. Qxd5 Ree7 30. Re4 Qe6 31. c4 Qxd5 32. Rxd5 Rc7 33. b3 Rc6 34. Kf2 Rfc7 35. Ke2 Kf7 36. Kd3 Be7 37. f4 exf4 38. Rxf4+ Ke6 39. Re4+ Kf7 40. Bd4 Bf6 41. Rf4 Ke6 42. Bxf6 gxf6 43. Rh5 Rh7 44. Kd4 b6 45. g3 bxa5 46. Re4+ Kd7 47. Rxa5 Rb6 48. Kc3 Rh8 49. Re3 Rhb8 50. Kb2 Rc8 51. Kc3 Rcb8 52. Kc2 Rg8 53. Rh5 Rg6 54. Rd3 Kc7 55. Rd4 Rc6 56. Rdh4 Rg5 57. Rxh6 d5 58. Rf4 dxc4 59. bxc4 Ra5 60. Rhxf6 Ra2+ 61. Kc3 Rxh2 62. Rxc6+ Kxc6 63. Rf6+ Kb7 64. Kb4 Rb2+ 65. Kc5 a5 66. Rf7+ Kb8 67. Kc6 a4 68. c5 a3 69. Rf8+ Ka7 70. Rf3 a2 71. Ra3+ Kb8 72. Kd6 Rd2+ 73. Kc6 Rg2 74. Ra4 Rxg3 75. Rxa2 Rg6+ 76. Kb5 Kb7 77. Rh2 Rg7 78. Rh6 Rf7 79. Rb6+ Kc7 80. Ra6 Rf1 81. Ra7+ Kb8 82. Rd7 Kc8 83. Kc6 Ra1 84. Rc7+ Kb8 85. Rb7+ Kc8 86. Rg7 Ra6+ 87. Kb5 Rh6 88. Rf7 Rg6 89. Rh7 Rf6 90. Rh2 Rg6 91. Rh5 Rf6 92. c6 Rf1 93. Rh8+ Kc7 94. Rh7+ Kc8 1/2-1/2

[Event "New York Int op 10th"]
[Site "New York"]
[Date "2017.06.23"]
[Round "4"]
[White "Almeida Saenz, Alfonso"]
[Black "Nakada, Akira W"]
[Result "1/2-1/2"]
[WhiteElo "2302"]
[BlackElo "2076"]
[PlyCount "189"]
[EventDate "2017.06.21"]
[EventType "swiss"]
[EventRounds "9"]
[EventCountry "USA"]
[SourceTitle "CBM 179 Extra"]
[Source "ChessBase"]
[SourceDate "2017.08.23"]
[SourceVersion "1"]
[SourceVersionDate "2017.08.23"]
[SourceQuality "1"]

1. e4 e6 2. d4 d5 3. Nc3 Nf6 4. Bg5 Bb4 5. e5 h6 6. exf6 hxg5 7. fxg7 Rg8 8. h4 gxh4 9. Qh5 Qf6 10. Nf3 Nc6 11. Rxh4 Qxg7 12. Qh7 Qxh7 13. Rxh7 Bxc3+ 14. bxc3 Ke7 15. Rb1 a6 16. g3 b5 17. Bd3 Bd7 18. Kd2 Rh8 19. Rbh1 Rxh7 20. Rxh7 Rg8 21. Ke3 Be8 22. Nh4 Kf6 23. Kf4 Rg7 24. Rh8 Ke7 25. g4 f6 26. f3 b4 27. Bxa6 bxc3 28. Bb5 Bd7 29. Bxc6 Bxc6 30. Ke3 Bb5 31. Ng2 f5 32. Rh4 fxg4 33. fxg4 Bc4 34. a4 Rf7 35. Nf4 c5 36. g5 cxd4+ 37. Kxd4 Rf5 38. Kc5 Rxg5 39. Rh7+ Kf6 40. Rh6+ Kg7 41. Rh3 Kf6 42. Rxc3 Rg4 43. Nh3 e5 44. a5 Kf5 45. Nf2 Rg1 46. Rf3+ Ke6 47. Nh3 Rg2 48. Rc3 Kf5 49. Rf3+ Ke4 50. Rc3 Kf5 51. Kb6 Rg6+ 52. Kc5 Rg2 53. a6 Bxa6 54. Kxd5 Bb7+ 55. Kd6 Rd2+ 56. Ke7 Be4 57. Rg3 Bxc2 58. Rg5+ Ke4 59. Rg1 Kd4 60. Ng5 e4 61. Rg4 Ke5 62. Nf7+ Kd5 63. Rg3 Rd3 64. Rg2 Bd1 65. Rg6 Kd4 66. Nd6 e3 67. Nf5+ Kc3 68. Rc6+ Kd2 69. Nxe3 Rxe3+ 70. Re6 Rc3 71. Rd6+ Kc2 72. Kf6 Be2 73. Ke5 Bd3 74. Kf6 Kd2 75. Re6 Rc4 76. Rb6 Be4 77. Re6 Ke3 78. Rb6 Kf4 79. Ra6 Rc1 80. Ra5 Rh1 81. Ra2 Rh6+ 82. Kg7 Rb6 83. Ra5 Bf5 84. Ra1 Kg5 85. Rg1+ Bg4 86. Kf7 Rb7+ 87. Ke8 Kf5 88. Kd8 Kg5 89. Rg2 Rg7 90. Rf2 Bh3 91. Rf3 Rh7 92. Re3 Kf6 93. Rd3 Rh5 94. Re3 Rc5 95. Rxh3 1/2-1/2

[Event "US Masters op"]
[Site "Greensboro"]
[Date "2016.08.25"]
[Round "1.2"]
[White "Almeida Saenz, Alfonso"]
[Black "Kamsky, Gata"]
[Result "0-1"]
[WhiteElo "2311"]
[BlackElo "2638"]
[PlyCount "56"]
[EventDate "2016.08.25"]
[EventType "swiss"]
[EventRounds "9"]
[EventCountry "USA"]
[SourceTitle "CBM 174 Extra"]
[Source "ChessBase"]
[SourceDate "2016.10.10"]
[SourceVersion "1"]
[SourceVersionDate "2016.10.10"]
[SourceQuality "1"]

1. d4 Nf6 2. Bg5 d5 3. Bxf6 gxf6 4. e3 c5 5. c4 cxd4 6. Qxd4 dxc4 7. Qxd8+ Kxd8 8. Bxc4 e6 9. Nc3 Ke7 10. Nge2 Bg7 11. e4 Bd7 12. 0-0 Nc6 13. Rad1 Rac8 14. Ng3 Rhd8 15. Be2 Bh6 16. Nh5 a6 17. Rd3 Ne5 18. Rh3 Bd2 19. Rd1 Bc6 20. Ng3 h6 21. Nd5+ Bxd5 22. Rxd2 Bxa2 23. Rxd8 Rxd8 24. Rxh6 b5 25. h4 Nc4 26. b4 Ne5 27. Nh5 Bc4 28. Bf3 a5 0-1

[Event "Brownsville GM 2nd"]
[Site "Brownsville"]
[Date "2016.03.06"]
[Round "1"]
[White "Almeida Saenz, Alfonso"]
[Black "Gorti, Akshita"]
[Result "1-0"]
[WhiteElo "2320"]
[BlackElo "2199"]
[PlyCount "77"]
[EventDate "2016.03.06"]
[EventType "tourn"]
[EventRounds "9"]
[EventCountry "USA"]
[EventCategory "5"]
[SourceTitle "CBM 171 Extra"]
[Source "ChessBase"]
[SourceDate "2016.04.26"]
[SourceVersion "1"]
[SourceVersionDate "2016.04.26"]
[SourceQuality "1"]

1. d4 e6 2. Nf3 Nf6 3. Bg5 c5 4. c3 h6 5. Bxf6 Qxf6 6. e4 cxd4 7. cxd4 Bb4+ 8. Nc3 0-0 9. e5 Qe7 10. Bd3 d6 11. Qe2 dxe5 12. dxe5 Bxc3+ 13. bxc3 f5 14. exf6 Qxf6 15. 0-0 Nd7 16. Qe4 Qf5 17. Qe3 Qf6 18. Rae1 Nb6 19. Ne5 Qf4 20. Qe2 Rd8 21. g3 Qf6 22. c4 Na4 23. Qe4 Qf5 24. Qe3 Qf8 25. Bc2 Nb6 26. Rd1 Bd7 27. Qe4 Qf5 28. Qxf5 exf5 29. c5 Ba4 30. Rxd8+ Rxd8 31. Bxf5 Nc8 32. Rb1 Re8 33. f4 b6 34. Rb4 b5 35. Rd4 Ne7 36. Bd7 Rf8 37. c6 Bc2 38. c7 a6 39. Be6+ 1-0

[Event "Brownsville IM"]
[Site "Brownsville"]
[Date "2015.05.17"]
[Round "8"]
[White "Almeida Saenz, Alfonso"]
[Black "Bodek, Michael H"]
[Result "1/2-1/2"]
[WhiteElo "2321"]
[BlackElo "2414"]
[PlyCount "61"]
[EventDate "2015.05.13"]
[EventType "tourn"]
[EventRounds "9"]
[EventCountry "USA"]
[SourceTitle "CBM 166 Extra"]
[Source "ChessBase"]
[SourceDate "2015.06.18"]
[SourceVersion "1"]
[SourceVersionDate "2015.06.18"]
[SourceQuality "1"]

1. d4 Nf6 2. Nf3 d5 3. Bf4 e6 4. Nbd2 Be7 5. e3 0-0 6. Bd3 c5 7. c3 Nc6 8. h3 a6 9. 0-0 cxd4 10. cxd4 Qb6 11. Qb3 Qxb3 12. Nxb3 b6 13. Rfc1 Bb7 14. Bc7 Nd7 15. a3 Rfc8 16. Bg3 Nd8 17. Ne5 Nxe5 18. Bxe5 Nc6 19. Bg3 Bd8 20. Bd6 Ne7 21. g4 Rxc1+ 22. Nxc1 Rc8 23. Ne2 Rc6 24. Bb4 Rc8 25. Nc3 Nc6 26. Bd6 Na5 27. Bg3 Nc4 28. Nd1 Nd2 29. Nc3 Nc4 30. Nd1 Nd2 31. Nc3 1/2-1/2

[Event "Brownsville IM"]
[Site "Brownsville"]
[Date "2015.05.15"]
[Round "5"]
[White "Ynojosa Aponte, Felix Jose"]
[Black "Almeida Saenz, Alfonso"]
[Result "1/2-1/2"]
[WhiteElo "2412"]
[BlackElo "2321"]
[PlyCount "69"]
[EventDate "2015.05.13"]
[EventType "tourn"]
[EventRounds "9"]
[EventCountry "USA"]
[SourceTitle "CBM 166 Extra"]
[Source "ChessBase"]
[SourceDate "2015.06.18"]
[SourceVersion "1"]
[SourceVersionDate "2015.06.18"]
[SourceQuality "1"]

1. c4 e6 2. Nc3 d5 3. e3 Nf6 4. Nf3 c6 5. d4 Nbd7 6. Qc2 Bd6 7. Bd3 dxc4 8. Bxc4 b5 9. Be2 Bb7 10. e4 e5 11. dxe5 Nxe5 12. Nd4 Bc7 13. Nf5 g6 14. Nh6 Nfd7 15. h4 Ba5 16. f4 b4 17. fxe5 bxc3 18. b4 Bc7 19. Ng4 Nxe5 20. Qxc3 f6 21. Nf2 Qe7 22. Be3 Bd6 23. Bc5 Bxc5 24. bxc5 0-0 25. h5 Bc8 26. hxg6 hxg6 27. 0-0 Kg7 28. Rfd1 Nf7 29. a4 Be6 30. a5 Qc7 31. a6 Rh8 32. g3 Qb8 33. Kg2 Qb1 34. Qd2 Qxa1 35. Bc4 1/2-1/2

[Event "Brownsville Spring Break"]
[Site "Brownsville"]
[Date "2015.03.11"]
[Round "9"]
[White "Ruiz Castillo, Joshua Daniel"]
[Black "Almeida Saenz, Alfonso"]
[Result "1-0"]
[WhiteElo "2417"]
[BlackElo "2334"]
[PlyCount "133"]
[EventDate "2015.03.06"]
[EventType "tourn"]
[EventRounds "9"]
[EventCountry "USA"]
[EventCategory "9"]
[SourceTitle "CBM 165 Extra"]
[Source "ChessBase"]
[SourceDate "2015.04.21"]
[SourceVersion "1"]
[SourceVersionDate "2015.04.21"]
[SourceQuality "1"]

1. e4 c5 2. Nf3 d6 3. d4 cxd4 4. Nxd4 Nf6 5. Nc3 Nc6 6. Bg5 Bd7 7. Qd2 Nxd4 8. Qxd4 Qa5 9. f4 Rc8 10. e5 dxe5 11. fxe5 e6 12. 0-0-0 Bc6 13. Nb5 Nd5 14. Qxa7 Qb4 15. Qd4 Qa5 16. Qc4 Bd7 17. Qb3 Bb4 18. Nd4 Nc3 19. a3 Nxd1 20. Qxb4 Qxb4 21. axb4 Nf2 22. Rg1 Ng4 23. Nf3 Bc6 24. Bf4 h5 25. h3 Nh6 26. Nd4 Nf5 27. Nxc6 bxc6 28. Bd3 0-0 29. g4 hxg4 30. hxg4 Ne7 31. c4 Rb8 32. Bd2 Rfd8 33. Kc2 Rd7 34. Bc3 Ra7 35. Bd4 Rab7 36. Bc5 Ng6 37. Bd6 Rc8 38. Be4 Ra7 39. Kb3 Nf8 40. Bc5 Rd7 41. Ra1 Rd2 42. Bxc6 Ng6 43. Kc3 Rh2 44. Bb7 Rh3+ 45. Kc2 Rh2+ 46. Kb3 Rh3+ 47. Ka4 Rc7 48. Rh1 Rg3 49. Be4 Rxg4 50. Bxg6 fxg6 51. b3 Rg3 52. Bb6 Rb7 53. c5 Rb8 54. Rc1 g5 55. Kb5 Rxb3 56. c6 Kf7 57. c7 Rc8 58. Rd1 Rc3 59. Rd7+ Kg6 60. Bc5 g4 61. Kb6 g3 62. Kb7 g2 63. Rd1 Rh8 64. Rd2 Rg3 65. Rd8 Rh4 66. c8Q Rxb4+ 67. Kc6 1-0

[Event "Brownsville Spring Break"]
[Site "Brownsville"]
[Date "2015.03.10"]
[Round "7"]
[White "Hernandez Carmenates, Holden"]
[Black "Almeida Saenz, Alfonso"]
[Result "1-0"]
[WhiteElo "2537"]
[BlackElo "2334"]
[PlyCount "57"]
[EventDate "2015.03.06"]
[EventType "tourn"]
[EventRounds "9"]
[EventCountry "USA"]
[EventCategory "9"]
[SourceTitle "CBM 165 Extra"]
[Source "ChessBase"]
[SourceDate "2015.04.21"]
[SourceVersion "1"]
[SourceVersionDate "2015.04.21"]
[SourceQuality "1"]

1. d4 d5 2. c4 e6 3. Nc3 Nf6 4. cxd5 exd5 5. Bg5 Be7 6. e3 0-0 7. Bd3 Be6 8. Nge2 c5 9. Bxf6 Bxf6 10. dxc5 Nd7 11. b4 a5 12. a3 Ne5 13. Rc1 b6 14. 0-0 axb4 15. axb4 bxc5 16. bxc5 Qa5 17. Nf4 Rfd8 18. Nce2 Bg4 19. f3 Bc8 20. Nd4 Qb4 21. Rf2 Ra3 22. Nc2 Qxc5 23. Nxa3 Qxa3 24. Bf1 Bb7 25. Nh5 Be7 26. Rc7 Rd7 27. Qd4 f6 28. Rxd7 Nxd7 29. Qg4 1-0

[Event "Brownsville Spring Break"]
[Site "Brownsville"]
[Date "2015.03.09"]
[Round "6"]
[White "Almeida Saenz, Alfonso"]
[Black "Stukopin, Andrey"]
[Result "0-1"]
[WhiteElo "2334"]
[BlackElo "2578"]
[PlyCount "52"]
[EventDate "2015.03.06"]
[EventType "tourn"]
[EventRounds "9"]
[EventCountry "USA"]
[EventCategory "9"]
[SourceTitle "CBM 165 Extra"]
[Source "ChessBase"]
[SourceDate "2015.04.21"]
[SourceVersion "1"]
[SourceVersionDate "2015.04.21"]
[SourceQuality "1"]

1. d4 c5 2. c3 Nf6 3. Nf3 Qb6 4. Qb3 Nc6 5. Qxb6 axb6 6. Na3 d5 7. Nb5 Ra5 8. a4 Bf5 9. dxc5 bxc5 10. b4 cxb4 11. Nfd4 Nxd4 12. Nxd4 Bd7 13. cxb4 Rxa4 14. Rxa4 Bxa4 15. Ba3 e5 16. Nf3 Bd6 17. e3 Ke7 18. Be2 Ne4 19. 0-0 Nc3 20. Re1 Nxe2+ 21. Rxe2 f6 22. Rd2 Ke6 23. Ra2 Rd8 24. h4 Bb5 25. Ra1 Ra8 26. h5 Be2 0-1

[Event "Washington op 2nd"]
[Site "Rockville"]
[Date "2013.08.08"]
[Round "5"]
[White "Almeida Saenz, Alfonso"]
[Black "Homa, Seth"]
[Result "0-1"]
[WhiteElo "2352"]
[BlackElo "2311"]
[PlyCount "104"]
[EventDate "2013.08.06"]
[EventType "swiss"]
[EventRounds "9"]
[EventCountry "USA"]
[SourceTitle "EXT 2014"]
[Source "ChessBase"]
[SourceDate "2013.11.20"]
[SourceVersion "1"]
[SourceVersionDate "2013.11.20"]
[SourceQuality "1"]

1. d4 Nf6 2. Bg5 Ne4 3. Bf4 d5 4. f3 Nf6 5. c4 e6 6. Nc3 c5 7. Nb5 Na6 8. e3 cxd4 9. exd4 Bb4+ 10. Kf2 dxc4 11. Bxc4 0-0 12. Ne2 Bd7 13. Qb3 Bxb5 14. Bxb5 Nd5 15. Bxa6 bxa6 16. Rad1 Bd6 17. Bxd6 Qxd6 18. Rd3 Rab8 19. Qa3 Qxa3 20. bxa3 Rb2 21. Rhd1 Rxa2 22. R1d2 Rxd2 23. Rxd2 Rb8 24. Rc2 g6 25. Nc1 Rb1 26. Nd3 Rb3 27. Rc8+ Kg7 28. Ne5 Rxa3 29. Ra8 Ra2+ 30. Kg3 Ne3 31. Rxa7 Rxg2+ 32. Kh3 Ra2 33. Nxf7 h5 34. Ng5+ Kg8 35. Ra8+ Kg7 36. Ra7+ Kg8 37. Kg3 Rg2+ 38. Kf4 Nd5+ 39. Ke5 Rxg5+ 40. Kxe6 Nf4+ 41. Ke7 a5 42. Ra8+ Kg7 43. Ra7 Rd5 44. Ke8+ Kg8 45. Ke7 h4 46. Ra6 Kg7 47. Ra7 h3 48. Ke8+ Kf6 49. Rf7+ Kg5 50. Ra7 a4 51. Rxa4 Kf6 52. Ra7 Rxd4 0-1

[Event "Washington op 2nd"]
[Site "Rockville"]
[Date "2013.08.06"]
[Round "2"]
[White "Molner, Mackenzie"]
[Black "Almeida Saenz, Alfonso"]
[Result "1/2-1/2"]
[WhiteElo "2506"]
[BlackElo "2352"]
[PlyCount "111"]
[EventDate "2013.08.06"]
[EventType "swiss"]
[EventRounds "9"]
[EventCountry "USA"]
[SourceTitle "CBM 155 Extra"]
[Source "ChessBase"]
[SourceDate "2013.08.26"]
[SourceVersion "1"]
[SourceVersionDate "2013.08.26"]
[SourceQuality "1"]

1. d4 d5 2. c4 c6 3. Nf3 Nf6 4. Qc2 g6 5. Bf4 Bg7 6. e3 0-0 7. Nc3 Qa5 8. Bd3 Na6 9. cxd5 Nb4 10. Qd2 Nxd3+ 11. Qxd3 Bf5 12. Qd2 Nxd5 13. Nxd5 Qxd5 14. 0-0 Be4 15. Qe2 e5 16. Bxe5 Bxe5 17. Nxe5 Bxg2 18. Rfe1 Bh3 19. Qf3 Qxf3 20. Nxf3 f6 21. Rac1 Rfe8 22. Nd2 Rad8 23. f3 Kg7 24. Kf2 Re7 25. Rc5 Be6 26. a4 Bd5 27. a5 a6 28. Nb1 f5 29. f4 Kf6 30. Nc3 Red7 31. b4 h6 32. h4 Be6 33. Rh1 Rg8 34. Rh2 Rdg7 35. Re5 Rd8 36. Kg3 Bd5 37. Nxd5+ Rxd5 38. Rxd5 cxd5 39. Rc2 Ke6 40. b5 axb5 41. Rb2 b6 42. axb6 Rb7 43. Rxb5 h5 44. Kf3 Kd6 45. Rb1 Kc6 46. Rg1 Rg7 47. Rc1+ Kxb6 48. Rc5 Rd7 49. Ke2 Rd8 50. Kd2 Kb7 51. Kc3 Re8 52. Rxd5 Rxe3+ 53. Kc4 Re4 54. Rd7+ Kc8 55. Rg7 Rxf4 56. Rxg6 1/2-1/2

[Event "Mexico op"]
[Site "Puebla"]
[Date "2013.03.31"]
[Round "9"]
[White "Ramirez Alvarez, Alejandro"]
[Black "Almeida Saenz, Alfonso"]
[Result "1-0"]
[WhiteElo "2535"]
[BlackElo "2339"]
[PlyCount "79"]
[EventDate "2013.03.26"]
[EventType "swiss"]
[EventRounds "9"]
[EventCountry "MEX"]
[SourceTitle "CBM 153 Extra"]
[Source "ChessBase"]
[SourceDate "2013.04.22"]
[SourceVersion "1"]
[SourceVersionDate "2013.04.22"]
[SourceQuality "1"]

1. c4 c5 2. Nf3 g6 3. d4 cxd4 4. Nxd4 Bg7 5. e4 Nc6 6. Be3 Nf6 7. Nc3 Ng4 8. Qxg4 Nxd4 9. Qd1 Nc6 10. Rc1 d6 11. Be2 0-0 12. 0-0 b6 13. Qd2 Re8 14. b3 Bb7 15. Rfd1 Rc8 16. Bg4 Rb8 17. f4 Ba8 18. e5 a6 19. Qf2 b5 20. cxb5 axb5 21. Nd5 Qa5 22. Bd7 Nb4 23. Nxb4 Qxb4 24. Bxe8 Rxe8 25. exd6 exd6 26. Bd4 Bh6 27. Re1 Be4 28. Bc3 Qc5 29. Qxc5 dxc5 30. Be5 Bf5 31. Rxc5 Bxf4 32. Rxb5 Bd2 33. Rd1 Be3+ 34. Kh1 Bg4 35. Ra1 Ba7 36. a4 Bd7 37. Rb7 Bc6 38. Rxa7 Rxe5 39. Rc7 Bd5 40. Rc5 1-0

[Event "Mexico op"]
[Site "Puebla"]
[Date "2013.03.29"]
[Round "6"]
[White "Almeida Saenz, Alfonso"]
[Black "Leon Hoyos, Manuel"]
[Result "1-0"]
[WhiteElo "2339"]
[BlackElo "2582"]
[PlyCount "73"]
[EventDate "2013.03.26"]
[EventType "swiss"]
[EventRounds "9"]
[EventCountry "MEX"]
[SourceTitle "CBM 153 Extra"]
[Source "ChessBase"]
[SourceDate "2013.04.22"]
[SourceVersion "1"]
[SourceVersionDate "2013.04.22"]
[SourceQuality "1"]

1. d4 Nf6 2. Bg5 e6 3. Nf3 c5 4. c3 cxd4 5. cxd4 Qb6 6. Qc2 Nc6 7. Bxf6 gxf6 8. e3 d5 9. Nc3 Bd7 10. Be2 Rc8 11. 0-0 Na5 12. Rac1 a6 13. Qb1 Qd8 14. e4 Bh6 15. Rcd1 dxe4 16. Nxe4 0-0 17. d5 Qe7 18. d6 Qd8 19. b4 Nc6 20. Nc5 Rb8 21. a4 a5 22. bxa5 Nxa5 23. Bd3 Kh8 24. Qb4 Bc6 25. Qh4 Kg7 26. Qg4+ Kh8 27. Qh5 Kg7 28. Qg4+ Kh8 29. Qh3 Kg7 30. Nd4 Re8 31. d7 Re7 32. Bc2 Qg8 33. Rfe1 Rd8 34. Nf5+ exf5 35. Rxe7 b6 36. Ne6+ Kh8 37. Nxd8 1-0

[Event "Mexico op"]
[Site "Puebla"]
[Date "2013.03.28"]
[Round "3"]
[White "Gonzalez Vidal, Yuri"]
[Black "Almeida Saenz, Alfonso"]
[Result "1/2-1/2"]
[WhiteElo "2525"]
[BlackElo "2339"]
[PlyCount "35"]
[EventDate "2013.03.26"]
[EventType "swiss"]
[EventRounds "9"]
[EventCountry "MEX"]
[SourceTitle "CBM 153 Extra"]
[Source "ChessBase"]
[SourceDate "2013.04.22"]
[SourceVersion "1"]
[SourceVersionDate "2013.04.22"]
[SourceQuality "1"]

1. c4 c5 2. g3 g6 3. Bg2 Bg7 4. Nc3 Nc6 5. Nf3 d6 6. 0-0 e5 7. a3 Nge7 8. b4 0-0 9. Rb1 Rb8 10. d3 h6 11. e3 Be6 12. b5 Na5 13. Qc2 d5 14. cxd5 Nxd5 15. Bd2 Rc8 16. Rfd1 b6 17. Nxd5 Bxd5 18. Bxa5 1/2-1/2